Datum a čas kvízu
24.5
Celkem bodů
Celkový počet nahraných bodů na tomto kvízu bez doplňovacích otázek.
4.
Pořadí na kvízu
Konečné umístění týmu na tomto kvízu.
Zaznamenané odpovědi
| # | Otázka | Odpověď | Body | Výsledky |
|---|---|---|---|---|
| 1. | Na středeční mimořádné schůzi... | 1 | ||
| 2. | Jak se nazývá stát, který minu... | 0 | ||
| 3. | Krátce před začátkem natáčení... | 0 | ||
| 4. | Americká nápojářská firma minu... | 1 | ||
| 5. | Tým FC Sevilla byl ve čtvrtečn... | 1 | ||
| 6. | Téma o Krtečkovi jste si vybra... | 1 | ||
| 7. | Jak se správně zapisuje jméno... | 0 | ||
| 8. | Příběhy o Krtkovi vznikaly pod... | 0 | ||
| 9. | V jedné z epizod najde Krtek z... | 1 | ||
| 10. | Kromě první, již zmíněné epizo... | 0.5 |